Sing of Life: (Record no. 185854)

MARC details
000 -LEADER
fixed length control field 00632nam a22001817a 4500
005 - DATE AND TIME OF LATEST TRANSACTION
control field 20220210142731.0
010 ## - LCCN (DPL NO)
LC control number ENG-131504
020 ## - INTERNATIONAL STANDARD BOOK NUMBER
International Standard Book Number 9789390679942
Terms of availability 499.00
035 ## - SYSTEM CONTROL NUMBER
System control number EN-115036
037 ## - SOURCE OF ACQUISITION
Source of stock number/acquisition DBAD
082 ## - DEWEY DECIMAL CLASSIFICATION NUMBER
Classification number 863.1
100 ## - MAIN ENTRY--PERSONAL NAME
Personal name Chabria, Priya Sarukkai
245 ## - TITLE STATEMENT
Title Sing of Life:
Remainder of title Revisioning Tagore's Gitanjali/
Statement of responsibility, etc Priya Sarukkai Chabria
260 ## - PUBLICATION, DISTRIBUTION, ETC. (IMPRINT)
Place of publication, distribution, etc Chennai
Name of publisher, distributor, etc Westland Publication Private Limited
Date of publication, distribution, etc 2021
270 ## - ADDRESS
Address 1st Floor, A Block, East Wing, Plot No. 40 SP infocity, Dr. MGR Salai, Pergudi, Kandanchavadi
City Chennai
Postal code 600096
300 ## - PHYSICAL DESCRIPTION
Extent 156p.
Dimensions 23cm(hbk)
942 ## - ADDED ENTRY ELEMENTS (KOHA)
Source of classification or shelving scheme Dewey Decimal Classification
Item type English Books
Classification part 863.1
Call number suffix CHA
Holdings
Withdrawn status Lost status Not for loan Collection code Home library Current library Date acquired Source of acquisition Cost, normal purchase price Full call number Barcode Copy number Cost, replacement price Koha item type
      Non-fiction Bawana Bawana 10/02/2022 DBAD/PUB 499.00 863.1 CHA EN-115036 1 499.00 English Books

© Delhi Public Library
Hit Counter
free hit counter